| 000 | 00873nam a2200253Ia 4500 | ||
|---|---|---|---|
| 003 | OSt | ||
| 005 | 20221005092847.0 | ||
| 006 | a|||||r|||| 00| 0 | ||
| 007 | ta | ||
| 008 | 221004b |||||||| |||| 00| 0 eng d | ||
| 020 |
_a0791448703 (pbk) _c895 |
||
| 024 | _a102261 | ||
| 037 |
_b053, 08/09/2009, Anshika Book International Publishers & Distributors _cTextual |
||
| 040 |
_aCRL _cCRL _beng |
||
| 041 |
_2eng _aeng |
||
| 082 | _aY73(Q5)wNSP,1, P1 | ||
| 100 |
_aSpilka Shelly _9617856 |
||
| 245 | 0 |
_aRescuing haya _b Confessions of an eight generation Israeli emigrant |
|
| 260 |
_aNew York _bState University of New Press U.S.A _c2001 |
||
| 300 |
_axi,295p _ccm. |
||
| 650 | _aSOCIOLOGY | ||
| 942 |
_hY73(Q5)wNSP,1, P1 _cTEXL _2cc |
||
| 999 |
_c999489 _d999489 |
||